00791cam a22002057a 4500003000500000005001700005008004100022010001000063011001000073035001000083040000900093100003900102245018700141260003800328300002000366502010100386650005100487650002500538650002200563CHAP20220329142723.0030203d2002 mx a r 00110 spa d a86821 a87793 a98337 cCHAP00aAngón Torres, María del Pilar.10a"La chiquillada". El trabajo no remunerado de los niños y las niñas en el medio rural, estudio de caso en la Tierra Caliente de Michoacánc/por María del Pilar Angón Torres aZamora, Mich. :bEl autor,c2002. a177 h. ;bilus. aTesis (Maestro en Estudios Rurales) -- El Colegio de Michoacán A.C. Centro de Estudios Rurales14aDesarrollo de la comunidad ruralxMichoacán.14aTrabajo doméstico.14aTrabajo infantil.